000 00617nam a2200217Ia 4500
008 101110s9999 xx 000 0 und d
041 _aENGLISH
082 _bJR4900
100 _aKshirsagar S.K., Dhas V.K., Shedge S.T. and others
245 _aFundamentals of Physics XI Sci Revised Syllabus
260 _c2006
_bNirali Prakashan, Pune
300 _a286
365 _b56
520 _aPhysics
546 _aENGLISH
630 _aFundamentals of Physics XI Sci Revised Syllabus
650 _aPhysics
655 _aPhysics
730 _aFundamentals of Physics XI Sci Revised Syllabus
942 _cBOOK
999 _c795708
_d795705